000 00599nam a2200217Ia 4500
003 OSt
005 20220926012042.0
006 a|||||r|||| 00| 0
007 ta
008 220923b |||||||| |||| 00| 0 eng d
037 _cGeneral Book
040 _aRTL
_cRTL
_beng
041 _2eng
_aeng
082 _aXjM42, F5;J6/TD3;2
100 _aPigou A C Ed.
245 0 _aMemorials of Alfred Marshall
260 _aNew York
_bAugustus M Kelley
_c1956
300 _ax, 518p
_ccm.
942 _hXjM42, F5;J6/TD3;2
_cGB
_2CC
999 _c621614
_d621614